[Event "HCL-A051"]
[Site "www.playchess.de"]
[Date "2001.01.30"]
[Round "5"]
[White "Felix"]
[Black "mel"]
[WhiteElo "1597"]
[BlackElo "1241"]
[PlyCount "53"]
[Result "1-0"]

1.d4 g6 2.c4 Bg7 3.Nc3 Nf6 4.e4 d6 5.f3 Na6 6.Be3 
b6 7.Qd2 Nh5 8.Nge2 c5 9.g4 Nf6 10.O-O-O O-O 11.h4 
Bd7 12.h5 Nxg4 13.fxg4 Bxg4 14.hxg6 fxg6 15.Bh6 
Bh5 16.Bxg7 Kxg7 17.Nf4 Bxd1 18.Ne6+ Kh8 19.Nxd8 
Bh5 20.Ne6 Rf6 21.Qh6 Rxe6 22.Rxh5 gxh5 23.Qxe6 
cxd4 24.Nd5 Nc5 25.Qxe7 Rb8 26.Nf6 Rb7 
27.Qf8+ 1-0

[Event "HCL-A053"]
[Site "www.playchess.de"]
[Date "2001.01.30"]
[Round "7"]
[White "Deepecho"]
[Black "gambitfanatic"]
[WhiteElo "1800"]
[BlackElo "1422"]
[PlyCount "22"]
[Result "0-1"]

1.e4 d5 2.exd5 Nf6 3.Bb5+ Bd7 4.Bc4 b5 5.Be2 Nxd5 
6.d4 e6 7.Nf3 Be7 8.O-O O-O 9.Bd2 c5 10.dxc5 Bxc5 
11.Nc3 Qb6 0-1

[Event "HCL-A059"]
[Site "www.playchess.de"]
[Date "2001.01.30"]
[Round "10"]
[White "Pupser"]
[Black "FrenchKnight"]
[WhiteElo "1700"]
[BlackElo "1758"]
[PlyCount "47"]
[Result "1-0"]

1.e4 d5 2.exd5 Qxd5 3.Nc3 Qa5 4.d4 Nf6 5.Nf3 c6 
6.Bc4 Bg4 7.h3 Bh5 8.Bd2 Qc7 9.Qe2 e6 10.O-O-O 
Nbd7 11.g4 Bg6 12.Ne5 Nxe5 13.dxe5 Nd5 14.f4 h6 
15.f5 Bh7 16.Rhf1 Bb4 17.Bxd5 exd5 18.f6 g5 19.e6 
O-O-O 20.e7 Rde8 21.a3 Bxe7 22.fxe7 Rxe7 23.Qf2 
Kb8 24.h4 1-0

[Event "HCL-B092"]
[Site "www.playchess.de"]
[Date "2001.01.30"]
[Round "9"]
[White "Mathemagician"]
[Black "BigToe"]
[WhiteElo "1431"]
[BlackElo "1769"]
[PlyCount "49"]
[Result "1/2-1/2"]

1.e4 Nf6 2.e5 Nd5 3.d4 e6 4.c4 Nb6 5.Nf3 d6 6.Nc3 
dxe5 7.dxe5 Qxd1+ 8.Kxd1 Be7 9.Be3 Na6 10.Kc2 Nb4+ 
11.Kb1 O-O 12.Be2 a6 13.Rd1 Nd7 14.Ne4 b6 15.Neg5 
h6 16.Ne4 Nc6 17.Bf4 g5 18.Bg3 g4 19.Nfd2 Ndxe5 
20.Bf4 f5 21.Bxh6 fxe4 22.Bxf8 Kxf8 23.Nxe4 Bb7 
24.b3 Rd8 25.Rxd8+ 1/2-1/2

[Event "HCL-B095"]
[Site "www.playchess.de"]
[Date "2001.01.30"]
[Round "1"]
[White "chess_biggi"]
[Black "DTG007"]
[WhiteElo "1200"]
[BlackElo "1006"]
[PlyCount "33"]
[Result "1-0"]

1.d4 Nf6 2.Nf3 e6 3.e3 b6 4.Bd3 Bb7 5.Nbd2 c5 6.c3 
d5 7.O-O Qc7 8.Re1 Nbd7 9.a4 Bd6 10.g3 O-O-O 11.a5 
c4 12.Bc2 b5 13.a6 Ba8 14.Ng5 Nb8 15.Nb1 h6 16.Nf3 
Qb6 17.Ne5 1-0

[Event "HCL-B095"]
[Site "www.playchess.de"]
[Date "2001.01.30"]
[Round "2"]
[White "Gorodish"]
[Black "chess_biggi"]
[WhiteElo "1789"]
[BlackElo "1200"]
[PlyCount "51"]
[Result "1-0"]

1.e4 d6 2.d4 e6 3.Nf3 Be7 4.Bc4 Nf6 5.Nc3 c6 6.Bb3 
d5 7.e5 Ne4 8.Nxe4 dxe4 9.Ng1 Nd7 10.Qg4 c5 
11.Qxg7 Rf8 12.Qxh7 cxd4 13.Qxe4 Nc5 14.Qh7 d3 
15.Nf3 dxc2 16.Bxc2 Bd7 17.Bh6 Qa5+ 18.Nd2 Nd3+ 
19.Bxd3 Qxe5+ 20.Be4 Rh8 21.Bg7 Rxh7 22.Bxe5 Rh5 
23.Bg3 Rc8 24.Bxb7 Rc2 25.Bf3 Rb5 
26.Be4 1-0

[Event "HCL-B108"]
[Site "www.playchess.de"]
[Date "2001.01.30"]
[Round "5"]
[White "Ralfs"]
[Black "Arcant"]
[WhiteElo "1200"]
[BlackElo "1500"]
[PlyCount "50"]
[Result "0-1"]

1.e4 d6 2.d4 g6 3.Bc4 Bg7 4.f4 e6 5.Nf3 Nd7 6.O-O 
Ne7 7.Nc3 O-O 8.Ng5 Nb6 9.Bd3 Bxd4+ 10.Kh1 h6 
11.Nh3 Bg7 12.Qg4 d5 13.f5 exf5 14.exf5 Nxf5 
15.Bxf5 Bxf5 16.Rxf5 gxf5 17.Qxf5 Qf6 18.Qg4 Rae8 
19.Bd2 Nc4 20.Nxd5 Qc6 21.Bc3 Ne5 22.Qd4 Qd7 
23.Re1 Qd6 24.Rf1 c5 25.Qd2 Nc4 0-1

[Event "HCL-B111"]
[Site "www.playchess.de"]
[Date "2001.01.30"]
[Round "13"]
[White "roofus"]
[Black "AD"]
[WhiteElo "1353"]
[BlackElo "1801"]
[PlyCount "54"]
[Result "0-1"]

1.e4 Nc6 2.Nf3 d5 3.d3 d4 4.c3 dxc3 5.Nxc3 e5 
6.Qa4 Bd7 7.Bg5 Be7 8.Nd5 Bxg5 9.Nxg5 Nce7 10.Qc4 
Nxd5 11.Qxd5 Qxg5 12.Qxb7 Qd8 13.Rc1 c6 14.Qb3 Rb8 
15.Qc3 f6 16.f3 Nh6 17.g4 Nf7 18.d4 Qb6 19.b3 exd4 
20.Qc4 Ne5 21.Qe2 Qb4+ 22.Kf2 d3 23.Qe3 Qb6 
24.Qxb6 axb6 25.Ke3 Rd8 26.f4 Nxg4+ 27.Kxd3 
Nf2+ 0-1

[Event "HCL-B122"]
[Site "www.playchess.de"]
[Date "2001.01.30"]
[Round "6"]
[White "Zander"]
[Black "Gruhni"]
[WhiteElo "1200"]
[BlackElo "1404"]
[PlyCount "36"]
[Result "0-1"]

1.d4 e6 2.Nf3 d5 3.Nc3 Nf6 4.Ng5 h6 5.Nf3 Bb4 6.e3 
Ne4 7.Bd2 Bxc3 8.bxc3 O-O 9.Ne5 Nxd2 10.Qxd2 b6 
11.Nc6 Nxc6 12.Bd3 e5 13.e4 exd4 14.exd5 dxc3 
15.Qxc3 Qxd5 16.O-O Bb7 17.Qb2 Ne5 18.Rae1 
Qxg2+ 0-1

[Event "HCL-B125"]
[Site "www.playchess.de"]
[Date "2001.01.30"]
[Round "19"]
[White "pird"]
[Black "ggaarrii"]
[WhiteElo "1486"]
[BlackElo "1500"]
[PlyCount "49"]
[Result "1-0"]

1.e4 c5 2.d4 cxd4 3.c3 dxc3 4.Nxc3 Nc6 5.Nf3 e6 
6.Bc4 a6 7.O-O b5 8.Bb3 Be7 9.Qe2 Bb7 10.Rd1 Na5 
11.Bf4 Nxb3 12.axb3 b4 13.Na4 Nf6 14.Rac1 Bc6 
15.Rxc6 dxc6 16.Rxd8+ Bxd8 17.Qc4 O-O 18.Qxb4 Nh5 
19.Bd6 Re8 20.Qb7 Bf6 21.e5 Red8 22.exf6 Rab8 
23.Qxb8 Rxb8 24.Bxb8 Nxf6 25.Ne5 1-0

[Event "HCL-B126"]
[Site "www.playchess.de"]
[Date "2001.01.30"]
[Round "22"]
[White "Bauernopfer"]
[Black "sarek"]
[WhiteElo "1368"]
[BlackElo "916"]
[PlyCount "52"]
[Result "1/2-1/2"]

1.e4 e6 2.d4 d5 3.Nc3 Bb4 4.exd5 exd5 5.Bd2 Nf6 
6.a3 Bxc3 7.Bxc3 Ne4 8.Bd3 Nxc3 9.bxc3 O-O 10.Nf3 
Bg4 11.O-O Qf6 12.Be2 Nd7 13.h3 Bxf3 14.Bxf3 c6 
15.Qd3 Nb6 16.Rab1 Rab8 17.Rfe1 Nc4 18.a4 a6 
19.Re2 b5 20.axb5 axb5 21.Rbe1 h6 22.Bg4 Nd6 
23.Bf3 Rfe8 24.R2xe8+ Rxe8 25.Rxe8+ Nxe8 26.Qe3 
Nd6 1/2-1/2

[Event "HCL-B127"]
[Site "www.playchess.de"]
[Date "2001.01.30"]
[Round "6"]
[White "shday"]
[Black "Stephen21"]
[WhiteElo "1500"]
[BlackElo "1233"]
[PlyCount "63"]
[Result "1-0"]

1.e4 d5 2.exd5 Qxd5 3.Nc3 Qe6+ 4.Be2 Nc6 5.d4 Nb4 
6.a3 Nd5 7.Nxd5 Qxd5 8.Bf3 Qf5 9.Ne2 Nf6 10.O-O g6 
11.Re1 Bg7 12.Ng3 Qd7 13.c3 O-O 14.Bf4 c6 15.Qd2 
Nd5 16.Bxd5 cxd5 17.Re3 Qg4 18.Rxe7 Be6 19.Rxb7 h5 
20.h3 Qh4 21.Bg5 Qxg3 22.fxg3 Rae8 23.Be7 Bc8 
24.Rxa7 Bf5 25.Bxf8 Bxf8 26.Rf1 Kh7 27.Qg5 Bh6 
28.Rxf7+ Kg8 29.Qf6 Be3+ 30.Kh1 Bh6 31.Rxf5 Re1+ 
32.Kh2 1-0

[Event "HCL-B142"]
[Site "www.playchess.de"]
[Date "2001.01.30"]
[Round "12"]
[White "Bill"]
[Black "Jeff_Foster"]
[WhiteElo "1055"]
[BlackElo "1272"]
[PlyCount "28"]
[Result "0-1"]

1.e4 e5 2.Nf3 Nc6 3.Bb5 a6 4.Ba4 Nf6 5.O-O b5 
6.Bb3 Na5 7.Nxe5 Nxb3 8.cxb3 Be7 9.d3 O-O 10.a4 
Bb7 11.Nc3 b4 12.Ne2 d5 13.exd5 Qxd5 14.d4 
Qxg2+ 0-1

[Event "HCL-C042"]
[Site "www.playchess.de"]
[Date "2001.01.30"]
[Round "5"]
[White "sonnygarcia"]
[Black "Grand-Royale"]
[WhiteElo "823"]
[BlackElo "1000"]
[PlyCount "93"]
[Result "1-0"]

1.e4 g6 2.d4 Bg7 3.Nf3 e5 4.dxe5 d6 5.exd6 cxd6 
6.Nc3 Nf6 7.Bc4 O-O 8.Be3 Nc6 9.Qd2 Be6 10.Bxe6 
fxe6 11.h4 d5 12.exd5 exd5 13.O-O-O Nb4 14.Bh6 Ne4 
15.Nxe4 dxe4 16.Bxg7 Qxd2+ 17.Rxd2 Kxg7 18.Rd7+ 
Kg8 19.Ng5 Rxf2 20.c3 Nd3+ 21.Kd1 Nc5 22.Rxh7 Rd8+ 
23.Kc1 e3 24.Re7 e2 25.Re1 Nd3+ 26.Kd2 Nxe1+ 
27.Kxe1 Kf8 28.Rxe2 Rxe2+ 29.Kxe2 Re8+ 30.Kd2 Kg7 
31.b4 b5 32.g3 Kf6 33.a3 Kf5 34.Kd3 Kg4 35.Ne4 Kf3 
36.Nf6 Rd8+ 37.Kc2 Kxg3 38.h5 gxh5 39.Nxh5+ Kf3 
40.Nf6 Ke2 41.Ne4 Ke3 42.Nc5 Rd2+ 43.Kb3 Rd1 44.a4 
a5 45.axb5 Rb1+ 46.Kc4 a4 47.Nxa4 1-0

[Event "HCL-C050"]
[Site "www.playchess.de"]
[Date "2001.01.30"]
[Round "6"]
[White "Optimo"]
[Black "Tass"]
[WhiteElo "1000"]
[BlackElo "1000"]
[PlyCount "94"]
[Result "0-1"]

1.e4 c5 2.c3 Nc6 3.Nf3 b6 4.d4 cxd4 5.cxd4 d5 
6.Qxd5 Qxd5 7.exd5 Nb4 8.Nd4 Nxd5 9.Bb5+ Bd7 
10.Bxd7+ Kxd7 11.O-O g6 12.Bg5 Bg7 13.Rd1 e6 
14.Nb5 Bxb2 15.N1c3 Bxa1 16.Rxa1 h6 17.Bh4 g5 
18.Bg3 Nxc3 19.Nxc3 Ne7 20.Ne4 Nf5 21.Nf6+ Ke7 
22.Be5 Rhd8 23.g3 Rd2 24.Bc3 Rd3 25.Ne4 Rad8 
26.Bf6+ Ke8 27.Bxd8 Rxd8 28.Rc1 Nd6 29.Nf6+ Ke7 
30.Nh5 Rc8 31.Rd1 Rc2 32.g4 Rxa2 33.Ng3 b5 34.Nf1 
Nc4 35.Ng3 Nd2 36.Kg2 b4 37.Ne2 b3 38.Nc3 Rc2 
39.Nb1 Nxb1 40.Rxb1 Rc3 41.Kf1 Kd6 {Hello again!}  
42.Rb2 {Hello!}  a5 43.Ke2 Kc5 44.Kd2 Kb4 45.Kd1 
Ka3 46.Rb1 Ka2 47.Kd2 Rc2+ 0-1

[Event "HCL-C069"]
[Site "www.playchess.de"]
[Date "2001.01.30"]
[Round "5"]
[White "camos"]
[Black "STAM"]
[WhiteElo "864"]
[BlackElo "1000"]
[PlyCount "30"]
[Result "0-1"]

1.e4 e5 2.Nf3 d6 3.Nc3 c6 4.d3 Be7 5.g3 Nf6 6.Be3 
Be6 7.h4 Na6 8.Bh3 Bxh3 9.Rxh3 Ng4 10.Qe2 Qd7 
11.O-O-O Nxe3 12.Qxe3 Qxh3 13.Ng5 Qg4 14.Ne2 h6 
15.Nf3 g5 0-1

[Event "HCL-C107"]
[Site "www.playchess.de"]
[Date "2001.01.30"]
[Round "14"]
[White "Frenzy"]
[Black "smsemb"]
[WhiteElo "1000"]
[BlackElo "1000"]
[PlyCount "20"]
[Result "0-1"]

1.d4 d5 2.Bg5 Nd7 3.e3 Ngf6 4.Nf3 e6 5.Nc3 c6 
6.Rc1 Qa5 7.h4 Ne4 8.Nd2 Nxc3 9.bxc3 e5 10.dxe5 
Nxe5 0-1

[Event "HCL-C113"]
[Site "www.playchess.de"]
[Date "2001.01.30"]
[Round "10"]
[White "Ara"]
[Black "Zeus"]
[WhiteElo "1000"]
[BlackElo "1000"]
[PlyCount "20"]
[Result "0-1"]

1.e4 c5 2.Nf3 Nc6 3.d4 cxd4 4.Nxd4 Nf6 5.Nc3 e5 
6.Ndb5 d6 7.Bg5 a6 8.Na3 b5 9.Bxf6 gxf6 10.Nd5 
f5 0-1

[Event "HCL-C124"]
[Site "www.playchess.de"]
[Date "2001.01.30"]
[Round "12"]
[White "chipc"]
[Black "archon"]
[WhiteElo "667"]
[BlackElo "1000"]
[PlyCount "109"]
[Result "0-1"]

1.e4 d5 2.Bd3 e5 3.c4 d4 4.Nf3 Nc6 5.a3 Nf6 6.b4 
Bd6 7.c5 Be7 8.Qe2 O-O 9.O-O a6 10.Ra2 b5 11.cxb6 
e.p 12.cxb6 b5 13.Na5 Qd1 14.Be6 Rb2 15.axb5 Bxb5 
16.Qc7 Rc2 17.Bc5 a4 18.Bb3 Na3 19.Bxc2 Qxc2 
20.Qd6 Nc4 21.Nxc4 Qxc4 22.Nxe4 d3 23.Nc3 Re1 
24.Nxb5 Qxb5 25.f6 Qc4+ 26.Kh8 Nh4 27.Qd7 Qa2 
28.Rxa4 Qb3 29.Rb4 Qc2 30.Qa4 Qxa4 31.Rxa4 Nf5 
32.Rfa8 f4 33.R4a1 Kf2 34.Ba3 Bxa3 35.Rxe1 Kxe1 
36.Rxa3 Ke2 37.Rc3 Ne7 38.b5 Nd5 39.Rc8 Nb4 
40.exf4 Kf3 41.g5 g4 42.Re8 Nd5 43.Re3+ Nxe3 
44.dxe3 d4 45.Kg7 d5 46.b4 d6 47.Kf8 Ke4 48.e2 Kd5 
{%NOTE%}  49.e1Q d7 50.Ke7 Kc6 51.b3 Kc7 52.Qc3+ 
Kb8 53.b2 h4 {%}  54.b1Q+ Ka7 55.Qca1+ 0-1

[Event "HCL-C124"]
[Site "www.playchess.de"]
[Date "2001.01.30"]
[Round "17"]
[White "archon"]
[Black "xantia3"]
[WhiteElo "1000"]
[BlackElo "1000"]
[PlyCount "70"]
[Result "0-1"]

1.e4 Nc6 2.d4 d5 3.e5 Bf5 4.g4 Bg6 5.Bb5 Qd7 6.f3 
a6 7.Bxc6 Qxc6 8.Nc3 e6 9.a3 O-O-O 10.h4 h5 11.g5 
Ne7 12.Bf4 Qb6 13.b4 Kb8 14.Nge2 Nf5 15.Qd2 Be7 
16.Na4 Qb5 17.Nec3 Qc4 18.Be3 f6 19.Nb2 Qc6 20.Rc1 
fxe5 21.Ne2 exd4 22.Nxd4 Qd6 23.Nxf5 Bxf5 24.Qd4 
c5 25.Qf4 cxb4 26.axb4 Rhf8 27.Qxd6+ Bxd6 28.c3 e5 
29.O-O Bh3 30.Rf2 Rdc8 31.Nd3 Rc4 32.Bc5 Kc7 
33.Nxe5 Rxc5 34.bxc5 Bxe5 35.Re2 
Bg3 0-1

[Event "HCL-C124"]
[Site "www.playchess.de"]
[Date "2001.01.30"]
[Round "21"]
[White "chipc"]
[Black "xantia3"]
[WhiteElo "667"]
[BlackElo "1000"]
[PlyCount "72"]
[Result "0-1"]

1.e4 Nc6 2.Nf3 e5 3.Bc4 Be7 4.h4 d6 5.d3 Bg4 
6.Nbd2 Nf6 7.Nf1 O-O 8.Ng3 d5 9.Bb5 Nd4 10.a4 dxe4 
11.dxe4 Nxf3+ 12.gxf3 Qxd1+ 13.Kxd1 Bxf3+ 14.Ne2 
Bxh1 15.Ng3 Bf3+ 16.Ne2 Rfd8+ 17.Bd3 Bxe4 18.Bg5 
Bxd3 19.cxd3 Rxd3+ 20.Ke1 Bb4+ 21.Kf1 Nd5 22.Kg2 
f6 23.Bc1 f5 24.Ng3 {Welcome back! It's been a 
long time. Forgot how badly behind I was in this 
game!}  Rd1 25.Nxf5 Bd2 26.Ne3 Nxe3+ 27.fxe3 Bxc1 
28.Kf3 Rf8+ 29.Ke4 Rh1 30.Kxe5 Bxb2+ 31.Kd5 Rxa1 
32.e5 Re1 33.h5 Rxe5+ 34.Kc4 Re3 35.h6 Rf4+ 36.Kd5 
Re5+ {Thank you for the interesting game} 
 0-1

[Event "HCL-C132"]
[Site "www.playchess.de"]
[Date "2001.01.30"]
[Round "19"]
[White "Michael_Schenk"]
[Black "AragonMat"]
[WhiteElo "1059"]
[BlackElo "1000"]
[PlyCount "49"]
[Result "1-0"]

1.e4 e5 2.f4 exf4 3.Nf3 d6 4.d4 Bg4 5.Bxf4 Be7 
6.Nbd2 Nc6 7.Be2 Nf6 8.c3 Qd7 9.O-O Nh5 10.Be3 
O-O-O 11.Ng5 Bxg5 12.Bxg4 Bxe3+ 13.Kh1 Bxd2 
14.Bxd7+ Rxd7 15.Qxd2 Re7 16.Qe3 Nf6 17.Rf4 Rhe8 
18.Re1 g5 19.Rxf6 Na5 20.Qxg5 R7xe4 21.Rxe4 Rxe4 
22.Qf5+ Re6 23.Rxe6 fxe6 24.Qxa5 a6 
25.Qh5 1-0

[Event "HCL-C137"]
[Site "www.playchess.de"]
[Date "2001.01.30"]
[Round "15"]
[White "Ewie"]
[Black "waxneedles"]
[WhiteElo "645"]
[BlackElo "789"]
[PlyCount "56"]
[Result "0-1"]

1.e4 c5 2.Bc4 Nf6 3.Nc3 e5 4.b3 Nc6 5.Bb2 Bd6 
6.Nd5 Nxd5 7.Bxd5 Nb4 8.Qf3 f6 9.Qh5+ g6 10.Qh6 
Nxc2+ 11.Kd1 Nxa1 12.Bxa1 Bf8 13.Qh3 d6 14.g4 h5 
15.Nf3 Bxg4 16.Qg3 Bh6 17.h3 Bxf3+ 18.Kc2 Bxh1 
19.Qxg6+ Kd7 20.Qf5+ Kc7 21.Qg6 Bf3 22.b4 Qd7 
23.b5 Qxb5 24.Qxf6 Bxe4+ 25.Bxe4 Qc4+ 26.Bc3 Qxe4+ 
27.d3 Qe2+ 28.Kb3 Raf8 0-1

[Event "HCL-C139"]
[Site "www.playchess.de"]
[Date "2001.01.30"]
[Round "10"]
[White "perell"]
[Black "king"]
[WhiteElo "1000"]
[BlackElo "1191"]
[PlyCount "47"]
[Result "1-0"]

1.e4 Nf6 2.e5 Nd5 3.c4 Nf4 4.d4 Ng6 5.Nf3 b6 6.Bd3 
d6 7.exd6 cxd6 8.O-O Bg4 9.Be4 d5 10.Bxd5 Na6 
11.Qa4+ Qd7 12.Bc6 Bxf3 13.Bxd7+ Kd8 14.Qxa6 Be2 
15.Re1 Kxd7 16.Qb7+ {I am back ...}  Kd6 17.Rxe2 
Rd8 18.Nc3 Nf4 19.Bxf4+ e5 20.Nb5+ Ke6 21.Rxe5+ 
Kf6 22.Bg5+ Kg6 23.Qe4+ Kh5 24.g4+ {Thanks for the 
game. See you next...}  1-0

[Event "HCL-C146"]
[Site "www.playchess.de"]
[Date "2001.01.30"]
[Round "4"]
[White "dg"]
[Black "Chill"]
[WhiteElo "1223"]
[BlackElo "466"]
[PlyCount "42"]
[Result "0-1"]

1.e4 c5 2.Nf3 Nc6 3.Nc3 e6 4.Bd3 a6 5.O-O Qc7 6.b3 
Nf6 7.Bb2 Be7 8.Qe2 b5 9.e5 Nh5 10.h3 g6 11.Be4 
Bb7 12.Bxc6 Bxc6 13.a4 b4 14.Nd1 O-O 15.Ne3 Rfd8 
16.c3 Qb7 17.Nh2 d5 18.d6 Bxd6 19.Nhg4 Nf4 20.Qd1 
Bxg2 21.Re1 Nxh3+ 0-1

[Event "HCL-E006"]
[Site "www.playchess.de"]
[Date "2001.01.30"]
[Round "9"]
[White "dzwonek"]
[Black "Jacob"]
[WhiteElo "2000"]
[BlackElo "2000"]
[PlyCount "68"]
[Result "1/2-1/2"]

1.d4 d5 2.c4 c6 3.e3 Nf6 4.Nf3 Bf5 5.Bd3 Bxd3 
6.Qxd3 Nbd7 7.O-O e6 8.Nc3 Bd6 9.e4 dxe4 10.Nxe4 
Nxe4 11.Qxe4 Nf6 12.Qh4 O-O 13.Bg5 Be7 14.Rfe1 h6 
15.Bd2 b5 16.b3 Rb8 17.Qg3 Bd6 18.Ne5 Bxe5 19.Qxe5 
bxc4 20.bxc4 Rb2 21.Qe3 Qd6 22.Bc1 Ng4 23.Qh3 Nxf2 
24.Qc3 Ng4 25.Bxb2 Qxh2+ 26.Kf1 Qh1+ 27.Ke2 Qxg2+ 
28.Kd1 Nf2+ 29.Kc1 Rb8 30.Ba3 Qg5+ 31.Qe3 Nd3+ 
32.Kc2 Nxe1+ 33.Rxe1 Qf5+ 34.Qd3 
Qf2+ 1/2-1/2

[Event "HCL-E008"]
[Site "www.playchess.de"]
[Date "2001.01.30"]
[Round "15"]
[White "dogrib"]
[Black "FD515"]
[WhiteElo "2100"]
[BlackElo "1669"]
[PlyCount "32"]
[Result "0-1"]

1.e4 c5 2.Nf3 d6 3.d4 cxd4 4.Nxd4 Nf6 5.Nc3 g6 
6.Be3 Bg7 7.f3 Nc6 8.Qd2 Bd7 9.O-O-O O-O 10.g4 Rc8 
11.Kb1 a6 12.h4 Na5 13.h5 b5 14.hxg6 fxg6 15.Nd5 
Nxd5 16.exd5 Be5 0-1

[Event "HCL-E015"]
[Site "www.playchess.de"]
[Date "2001.01.30"]
[Round "5"]
[White "GarryKarpov"]
[Black "DrTarrasch"]
[WhiteElo "2000"]
[BlackElo "2000"]
[PlyCount "36"]
[Result "1/2-1/2"]

1.d4 Nf6 2.c4 c5 3.d5 b5 4.cxb5 a6 5.Nc3 axb5 6.e4 
b4 7.Nb5 d6 8.Bc4 Nbd7 9.Nf3 Nb6 10.Bd3 g6 11.b3 
Bg7 12.Bb2 O-O 13.O-O Ba6 {Hi WELCOME BACK!}  
14.a4 a3 15.Nxa3 Bb7 16.Qc2 e6 17.dxe6 fxe6 
18.Rad1 Qb8 1/2-1/2

[Event "ACL-A030"]
[Site "www.playchess.de"]
[Date "2001.01.30"]
[Round "9"]
[White "NHASTRO"]
[Black "Sebastian"]
[WhiteElo "1500"]
[BlackElo "1500"]
[PlyCount "45"]
[Result "1-0"]

1.e4 e5 2.Nf3 c5 3.Nxe5 Nf6 4.Nc3 Nc6 5.a3 d5 
6.exd5 Bg4 7.Nxg4 Qe7+ 8.Ne3 Ne5 9.Nf5 Qd8 10.Bb5+ 
Nfd7 11.d3 Rc8 12.O-O h5 13.g3 h4 14.gxh4 Ng6 
15.Bg5 f6 16.Re1+ Kf7 17.h5 Qc7 18.Qf3 fxg5 
19.Nd6+ Kg8 20.Bxd7 Nh4 21.Be6+ Kh7 22.Qe4+ g6 
23.Nxc8 1-0

[Event "ACL-A033"]
[Site "www.playchess.de"]
[Date "2001.01.30"]
[Round "9"]
[White "Silver_Fox"]
[Black "satura"]
[WhiteElo "1500"]
[BlackElo "1832"]
[PlyCount "54"]
[Result "0-1"]

1.e4 e6 2.d4 d5 3.Nd2 Nc6 4.Ngf3 Nf6 5.e5 Nd7 
6.Nb3 a5 7.a4 b6 8.c3 Be7 9.Bd3 Ba6 10.O-O O-O 
11.Bxa6 Rxa6 12.Qd3 Ra8 13.Bd2 Na7 14.Nc1 c5 
15.Ne2 Nc6 16.b3 cxd4 17.cxd4 Bb4 18.Bg5 f6 
19.exf6 gxf6 20.Bh6 Re8 21.Nh4 Kh8 22.Nf4 f5 
23.Nxf5 exf5 24.Qxf5 Nxd4 25.Qxd5 Ne5 26.Qxd8 
Raxd8 27.Nh5 Nxb3 0-1

[Event "ACL-A037"]
[Site "www.playchess.de"]
[Date "2001.01.30"]
[Round "25"]
[White "antaios"]
[Black "muggel"]
[WhiteElo "1500"]
[BlackElo "1833"]
[PlyCount "35"]
[Result "1-0"]

1.e4 c5 2.Bc4 e6 3.Qf3 Nc6 4.Ne2 Nf6 5.b3 Ne5 
6.Qh3 a6 7.d4 Nxc4 8.Qd3 Nb6 9.O-O d6 10.dxc5 dxc5 
11.Qxd8+ Kxd8 12.Bf4 Nxe4 13.Nbc3 Nxc3 14.Nxc3 g6 
15.Rad1+ Ke8 16.Be5 Rg8 17.Bc7 Nd5 
18.Nxd5 1-0

[Event "ACL-A042"]
[Site "www.playchess.de"]
[Date "2001.01.30"]
[Round "4"]
[White "DTG007"]
[Black "Optimo"]
[WhiteElo "1500"]
[BlackElo "1500"]
[PlyCount "34"]
[Result "0-1"]

1.d4 d5 2.c4 e6 3.Nf3 c5 4.cxd5 exd5 5.dxc5 Bxc5 
6.Qc2 Qb6 7.Nc3 Bxf2+ 8.Kd1 Be6 9.e3 Bxe3 10.Na4 
Qc6 11.Bxe3 Qxc2+ 12.Kxc2 Nc6 13.Nc5 Rc8 14.Nxb7 
Rc7 15.Nc5 d4 16.Nxe6 fxe6 17.Bb5 
dxe3 0-1

[Event "ACL-A062"]
[Site "www.playchess.de"]
[Date "2001.01.30"]
[Round "21"]
[White "babycakes"]
[Black "player27"]
[WhiteElo "1391"]
[BlackElo "1638"]
[PlyCount "38"]
[Result "0-1"]

1.e4 e5 2.Nf3 Nc6 3.Bc4 Nf6 4.Ng5 d5 5.exd5 Na5 
6.c3 Nxc4 7.Qa4+ Nd7 8.Qxc4 Qxg5 9.O-O Nb6 10.Qe2 
Kd8 11.d4 Qg6 12.Qxe5 Bf5 13.Re1 Bd6 14.Qe2 Bd3 
15.Qf3 Bc4 16.Qe4 Bxd5 17.Qxg6 hxg6 18.g3 Kd7 
19.b4 Rxh2 0-1

[Event "ACL-A065"]
[Site "www.playchess.de"]
[Date "2001.01.30"]
[Round "12"]
[White "victor"]
[Black "Goofy"]
[WhiteElo "1500"]
[BlackElo "1740"]
[PlyCount "38"]
[Result "0-1"]

1.e4 c5 2.c3 Nf6 3.e5 Nd5 4.Nf3 Nc6 5.Bc4 Nb6 
6.Bb3 d5 7.d4 cxd4 8.cxd4 Bg4 9.Qd3 e6 10.Be3 Be7 
11.Nbd2 O-O 12.Bc2 Bf5 13.Qc3 Bxc2 14.Qxc2 Rc8 
15.Qd1 Nb4 16.O-O f5 17.a3 Nc6 18.b4 f4 19.Bxf4 
Rxf4 0-1

[Event "ACL-A068"]
[Site "www.playchess.de"]
[Date "2001.01.30"]
[Round "13"]
[White "chrisg"]
[Black "Goofy"]
[WhiteElo "1770"]
[BlackElo "1746"]
[PlyCount "44"]
[Result "1/2-1/2"]

1.e4 c5 2.Nf3 Nc6 3.d4 cxd4 4.Nxd4 Nf6 5.Nc3 d6 
6.Be2 e5 7.Nb3 Be7 8.O-O O-O 9.Be3 Be6 10.f3 d5 
11.exd5 Nxd5 12.Nxd5 Bxd5 13.Qd2 {Na endlich geht 
es hier weiter! Gruß Chris}  Be6 {Zeit wirds!  
Gruß Erik}  14.Bd3 b6 15.f4 f6 16.c3 Qc7 17.Qc2 h6 
18.Bh7+ {Guten Morgen!}  Kh8 19.Be4 Rad8 20.Rad1 
Bc4 21.Rxd8 Rxd8 {_}  22.Rf2 exf4 1/2-1/2

[Event "CCL-E008"]
[Site "www.playchess.de"]
[Date "2001.01.30"]
[Round "3"]
[White "Phalanx"]
[Black "czubin"]
[WhiteElo "1597"]
[BlackElo "2401"]
[PlyCount "23"]
[Result "1-0"]

1.c4 d5 2.cxd5 Qxd5 3.Nc3 Qd8 4.g3 g6 5.Bg2 Bg7 
6.Qb3 b6 7.Bxa8 c6 8.Nf3 Bd7 9.d4 c5 10.dxc5 Nc6 
11.Bxc6 Bxc6 12.cxb6 1-0

[Event "HCL-A070"]
[Site "www.playchess.de"]
[Date "2001.01.30"]
[Round "8"]
[White "paule"]
[Black "Belka"]
[WhiteElo "1898"]
[BlackElo "1619"]
[PlyCount "47"]
[Result "1-0"]

1.e4 c6 2.d4 d5 3.Nc3 dxe4 4.Nxe4 Bf5 5.Ng3 Bg6 
6.h4 h6 7.Nf3 Nd7 8.h5 Bh7 9.Bd3 Bxd3 10.Qxd3 Qc7 
11.Bd2 Ngf6 12.Qe2 e6 13.O-O-O c5 14.Kb1 cxd4 
15.Nxd4 a6 16.Nxe6 fxe6 17.Qxe6+ Kd8 18.Rhe1 Rc8 
19.Bc3 Qc6 20.Bxf6+ gxf6 21.Rxd7+ Qxd7 22.Qb6+ Qc7 
23.Qxf6+ Kd7 24.Qe6+ 1-0

[Event "HCL-C154"]
[Site "www.playchess.de"]
[Date "2001.01.30"]
[Round "6"]
[White "dg"]
[Black "Ben-E-Gas"]
[WhiteElo "1208"]
[BlackElo "1000"]
[PlyCount "52"]
[Result "1-0"]

1.e4 e5 {good luck}  2.Nf3 Nc6 3.Bb5 Nf6 4.Bb5 
bxc6 5.Bxc6 d6 6.O-O Bg4 7.Nc3 Be6 8.h3 Bc4 9.Ng5 
Ba6 10.d3 h6 11.Be3 Be7 12.Nf3 g5 {sorry, i may 
not be able to move again until monday(3 days)}  
13.a3 d5 14.Nh2 dxe4 15.Re1 Rb8 16.Nxe4 Rb5 17.b4 
h5 18.Bxa7 Rd5 19.Nxg5 e4 20.Nhf3 Qa8 21.Nxe4 Bb5 
{-}  22.Bc5 Kf8 23.Nxf6+ Kg7 24.Bxe7+ Qa7 25.Nxd5 
Kg8 26.Bf6+ Re8+ 1-0

[Event "HCL-C156"]
[Site "www.playchess.de"]
[Date "2001.01.30"]
[Round "1"]
[White "lsoule"]
[Black "dakini"]
[WhiteElo "597"]
[BlackElo "1480"]
[PlyCount "46"]
[Result "0-1"]

1.e4 {Hello from Santa Cruz, California}  e5 
{Hello from Kassel, right in the middle of 
Germany. How a u?}  2.Nf3 Nc6 3.Bb5 a6 {So good 
night, have a nice day!}  4.Ba4 Nf6 5.O-O b5 6.Bb3 
Bc5 7.a4 Bb7 8.d3 O-O 9.Bg5 Nd4 10.Nxd4 Bxd4 11.c3 
bxa4 12.cxd4 axb3 13.dxe5 h6 14.Bxf6 gxf6 15.exf6 
Qxf6 16.Qg4+ Kh8 17.Ra5 Rfg8 18.Qxd7 Rxg2+ 19.Kh1 
Rag8 {It´s not easy! Makes a lot of fun}  20.Qh3 
{Rxg2+ was a bit of a shock!}  R8g6 {It´s very 
difficult to play I think  nevertheless very 
exciting!}  21.Qxg2 Rxg2 {It´s very ... how is the 
american word for "exciting"}  22.Ra4 {I think 
"exciting" is the word - that or "interesting" or, 
sometimes, "frustrating" :)}  Rg6 {Yes it is! Why 
didn´t you take the rook on g2? So now I wait 
another 5 minutes and then I go to bed.}  23.Rb4 
{I was worried about Bxe4+ followed by running the 
queen in to f3 or g6 depending on my move then...} 
 Qf3+ {I´m sorry... but a wonderful game. Thanks!} 
 0-1

[Event "ACL-A080"]
[Site "www.playchess.de"]
[Date "2001.01.30"]
[Round "19"]
[White "Player"]
[Black "Smutje"]
[WhiteElo "1500"]
[BlackElo "1272"]
[PlyCount "29"]
[Result "1-0"]

1.e4 e5 2.f4 exf4 3.Nf3 Qe7 4.Nc3 Nc6 5.Bc4 f5 
6.d4 fxe4 7.Nd5 Qe6 8.Nxc7+ Kd8 {shit}  9.Nxe6+ 
{Auf d8 hätte die Dame gestellt werden sollen...}  
Ke8 {ich glaub für mich geht´s schnell den berg ab 
hier!}  10.Nc7+ Kd8 11.Nxa8 exf3 12.Qxf3 g5 
13.Bxf4 Nge7 14.Bc7+ Ke8 15.Qf7+ 1-0